| 000 | 00564nam a2200217Ia 4500 | ||
|---|---|---|---|
| 003 | OSt | ||
| 005 | 20241007070631.0 | ||
| 008 | 240925s9999 xx 000 0 und d | ||
| 020 | _a70531439 | ||
| 040 | _csd | ||
| 082 | _a004.6 REI | ||
| 100 | _aNeil , Reid | ||
| 245 | 0 | _a802-11 (Wi-Fi) Networking Handbook | |
| 250 | _aNA | ||
| 260 |
_aNew Delhi: _bTata McGraw Hill _c,2003. |
||
| 300 |
_axxxiv,973p. _bNA _fPirated |
||
| 500 | _aIncludes Index | ||
| 600 | _aComputer Science | ||
| 650 | _aComputer science, information & general works | ||
| 942 |
_cBK _2ddc |
||
| 999 |
_c8524 _d8524 |
||